MDQL
is popping MORE tags! Check the
thread
!
Quizzes
Events
Quiz Creation
Community
Videos
Private Events
Remove Ads
Sign In
Join for FREE
Feedback
Dark Mode
Quiz Categories
Sports
Geography
Music
Movies
Television
Just For Fun
Miscellaneous
History
Literature
Language
Science
Gaming
Entertainment
Religion
Holiday
For Kids
Quiz Lab
Recent
Popular Today
Quiz Kudos Today
Editor Picks
Curator Picks
Quizzes by...
Day
Popularity
Type
Ratings
Length
Year
Community
Subscriptions
Recent Discussions
Orange Saloon
Badges
Playlists
Quests
Create
Leaderboards
Showdown
Live 5
Trivia Bingo
Activity
Puzzle Library
Sporcle Events
Private Events
Virtual Trivia
Globe League
Become a Host
Pub Owners
SporcleCon
Opinionation
Our Games
Videos
Blog
Mobile Apps
Partnerships
Remove Ads and Go Orange
Feedback
Sports
Athletes
MLB
NBA
NHL
NFL
Soccer
Sports Teams
WWE
NCAA
Football
Premier League
Basketball
Baseball
Hockey
Golf
Tennis
Cricket
Rugby
Auto Racing
Olympics
World Cup
Sports
Athletes
MLB
NBA
NHL
NFL
Soccer
Sports Teams
WWE
NCAA
Football
Premier League
Basketball
Baseball
Hockey
Golf
Tennis
Cricket
Rugby
Auto Racing
Olympics
World Cup
Random Quiz
Search Sporcle
×
Quiz Lab
Quiz Lab
Sports
NFL
Type in answers that appear in a list
Type in answers that appear in a list
Classic
Best Score? Go Orange.
NFL Single Season Passing YPG Leaders Stats
Can you name the NFL Single Season Passing YPG Leaders?
By
whiteparrot
8m
30 Questions
623 Plays
623 Plays
623 Plays
Comments
Comments
Give Quiz Kudos
Give Quiz Kudos
-
- Ratings
hide this ad
Replay
Link that replays current quiz
Next Quiz
Link to next quiz in quiz playlist
You Got
0%
They Got
Avg Score
65%
Avg Friend Score
Upgrade to see
Score Distribution
Jump to the score distribution portion of the page
Score
0/30
Timer
08:00
0
Plays Today
Year
Player
% Correct
2004
Peyton Manning
97.9%
1984
Dan Marino
96.5%
1986
Dan Marino
96.5%
2008
Drew Brees
94.9%
2007
Tom Brady
94.2%
1982
Joe Montana
85.7%
1995
Steve Young
84.3%
2000
Kurt Warner
80.1%
1999
Kurt Warner
80.1%
2008
Kurt Warner
80.1%
1990
Warren Moon
71.6%
1991
Warren Moon
71.6%
1994
Warren Moon
71.6%
1982
Dan Fouts
71.4%
1981
Dan Fouts
71.4%
Year
Player
% Correct
1983
Dan Fouts
71.4%
1980
Dan Fouts
71.4%
1984
Dan Fouts
71.4%
2004
Daunte Culpepper
66.5%
2002
Rich Gannon
53.6%
2008
Jay Cutler
53.1%
1994
Drew Bledsoe
51.7%
2009
Drew Brees
47.8%
1967
Joe Namath
43.5%
2004
Trent Green
42.5%
2005
Marc Bulger
42.1%
2004
Marc Bulger
42.1%
2009
Matt Schaub
28.3%
1984
Neil Lomax
16.7%
1987
Neil Lomax
16.7%
Quiz Playlist
Details
Report
Send in Message
Add To Playlist
Classic:
Type in answers that appear in a list
Quiz Source
Last Updated: Feb 16, 2017
Quiz Scoreboard
CHALLENGE
Sign Up to Join the Scoreboard
Show All
Scores
Hide
Comments
May contain spoilers
Recently Published
Image Sorting: Flags VI
by Barbecue
Geography
2m
Find the 'City' Movie
by crazypaving
Movies
60s
Colored Red Africa Blitz
by spor1
Geography
45s
More to Explore
Quiz From the Vault
Featured Blog Post
14 Easter Pick-up Lines to Find Eggs With
hide this ad
You Might Also Like...
Tags
NFL Quiz
Passing
Passing Yards
Player
season
Single
YPG
YPG Leaders
Today's Top Quizzes in Sports
Browse Sports
hide this ad
Today's Top Quizzes in NFL
Browse NFL
Top Contributed Quizzes in Sports
1
Les meilleurs buteurs des matchs entre le PSG et l’OM
2
Les entraîneurs de l'OM et du PSG au 21e siècle
3
2022 World Cup Stars
4
Les joueurs passés par le PSG et l'OM
5
Players with Multiple 50 Home Run Seasons
6
Criteria MLB: Left Handed Sluggers
7
FIFA Club World Cup Champions
8
Les joueurs passés par le LOSC et le RC Lens
9
NBA Logic Puzzle 2.0
10
Top 10 NHL Goal Scorers of All Time
Explore More
Trending Topics
Disney
Crossword
Anime
Marvel
Harry Potter
NBA
Kpop
Country
Pokémon
NFL
Song
WWE
Puzzle
Soccer
The Office
hide this ad
More By:
whiteparrot
Quiz
Plays
Rating
Category
Featured
Created
NFL Most Sacked QBs
62,710
4.32
Sports
Sep 30, 2009
Most 10 + Reception Games, Career
6,817
4.27
Sports
Dec 2, 2009
Decade-by-Decade NFL Leaders
4,527
4.32
Sports
Dec 20, 2009
The NFL Random QB Trivia Game
3,470
4.03
Sports
Nov 29, 2009
Oldest QBs to Start an NFL Game
3,370
4.38
Sports
Dec 8, 2009
Go to Creator's Profile
Score Distribution
Quiz Creator Spotlight
whiteparrot
Follow
Send a Message
Quizzes Created
-
Created Quiz Play Count
-
More By This Creator
Popular Quizzes Today
1
Colored Red Africa Blitz
2
Find the US States - No Outlines Minefield
3
Find the 'City' Movie
4
5x2 Blitz: Bands
5
The Countries of the World
6
Find the Countries of Europe - No Outlines Minefield
7
Find the US States
8
US States
More Sports Quizzes
Opening Day Lineups: Marlins
Published
Trending Quizzes
Colored Red Europe Blitz I
Colored Red Europe Blitz II
Colored Red Africa Blitz II
Colored Red Europe Blitz III
Colored Red Africa Blitz III
Recently Updated
How Do You Spell That?
pecheneg
Godzilla Movies
pecheneg
Grab Bag: 4-10 Letters
pecheneg
2024 March Madness Bracket
pecheneg
Famous TV Couples
Peacemaker
Champions League XIs: Real Madrid
pecheneg
Largest US Cities 1790-2010
pecheneg
Rides in Walt Disney World
pecheneg
Most Oscar Losses (Acting)
pecheneg
Beyoncé Albums
pecheneg
Trending Topics
Anime
Harry Potter
Disney
Marvel
Kpop
Crossword
NBA
Song
Country
Soccer
The Office
WWE
Pokémon
Puzzle
NFL
Your Account Isn't Verified!
In order to create a playlist on Sporcle, you need to verify the email address you used during registration. Go to your
Sporcle Settings
to finish the process.
Report this User
Report this user for behavior that violates our
Community Guidelines
.
Details:
Send Report
Go to the Sporcle.com Mobile Site →
Comments